| Tag |
First Indicator |
Second Indicator |
Subfields |
| LEADER |
00000cam a22000004a 4500 |
| 001 |
in00001755949 |
| 005 |
20151025050936.0 |
| 008 |
020716s2003 ncua b s001 0 eng |
| 010 |
|
|
|a 2002011044
|
| 020 |
|
|
|a 080782769X (cloth : alk. paper)
|
| 020 |
|
|
|a 0807854417 (pbk. : alk. paper)
|
| 035 |
|
|
|a (OCoLC)ocm50253046
|
| 040 |
|
|
|a DLC
|c DLC
|d TXA
|d UtOrBLW
|
| 042 |
|
|
|a pcc
|
| 043 |
|
|
|a cl-----
|
| 049 |
|
|
|a TXAM
|
| 050 |
0 |
0 |
|a F1413
|b .R33 2003
|
| 082 |
0 |
0 |
|a 323.1/8/09
|2 21
|
| 245 |
0 |
0 |
|a Race & nation in modern Latin America /
|c edited by Nancy P. Appelbaum, Anne S. Macpherson, and Karin Alejandra Rosemblatt ; with a foreword by Thomas C. Holt and an afterword by Peter Wade.
|
| 246 |
3 |
|
|a Race and nation in modern Latin America
|
| 264 |
|
1 |
|a Chapel Hill :
|b University of North Carolina Press,
|c [2003]
|
| 264 |
|
4 |
|c ©2003
|
| 300 |
|
|
|a xvi, 329 pages :
|b illustrations ;
|c 24 cm.
|
| 336 |
|
|
|a text
|b txt
|2 rdacontent
|
| 337 |
|
|
|a unmediated
|b n
|2 rdamedia
|
| 338 |
|
|
|a volume
|b nc
|2 rdacarrier
|
| 504 |
|
|
|a Includes bibliographical references (pages [283]-305) and index.
|
| 505 |
0 |
|
|a Racial nations / Nancy P. Appelbaum, Anne S. Macpherson, and Karin Alejandra Rosemblatt -- Little middle ground : the instability of a mestizo identity in the Andes, eighteenth and nineteenth centuries / Sarah C. Chambers -- Belonging to the great Granadan family : partisan struggle and the construction of indigenous identity and politics in Southwestern Colombia, 1849-1890 / James Sanders -- Searching for "Latin America" : race and sovereignty in the Americas in the 1850s / Aims McGuinness -- Imagining the colonial nation : race, gender, and middle-class politics in Belize, 1888-1898 / Anne S. Macpherson -- From revolution to involution in the early Cuban Republic : conflicts over race, class, and nation, 1902-1906 / Lillian Guerra -- Interracial courtship in the Rio de Janeiro courts, 1918-1940 / Sueann Caulfield -- From mestizophilia to biotypology : racialization and science in Mexico, 1920-1960 / Alexandra Minna Stern -- Race, region, and nation : Sonora's anti-Chinese racism and Mexico's postrevolutionary nationalism, 1920s-1930s / Gerardo Rénique -- Racializing regional difference : São Paulo versus Brazil, 1932 / Barbara Weinstein -- Race and nation in Latin America : an anthropological view / Peter Wade.
|
| 651 |
|
0 |
|a Latin America
|x History
|y 1830-
|
| 650 |
|
0 |
|a Nationalism
|z Latin America
|x History.
|
| 651 |
|
0 |
|a Latin America
|x Race relations.
|
| 650 |
|
0 |
|a Race discrimination
|z Latin America
|x History.
|
| 650 |
|
0 |
|a Ethnicity
|z Latin America
|x History.
|
| 650 |
|
0 |
|a Identity (Psychology)
|z Latin America.
|
| 650 |
|
0 |
|a Social classes
|z Latin America
|x History.
|
| 650 |
|
0 |
|a Man-woman relationships
|z Latin America
|x History.
|
| 700 |
1 |
|
|a Appelbaum, Nancy P.
|
| 700 |
1 |
|
|a Macpherson, Anne S.
|
| 700 |
1 |
|
|a Rosemblatt, Karin Alejandra.
|
| 948 |
|
|
|a cataloged
|b h
|c 2003/4/22
|d c
|e dmitchel
|f 9:10:20 am
|
| 994 |
|
|
|a E0
|b TXA
|
| 999 |
|
|
|a MARS
|
| 999 |
f |
f |
|s 256d3967-4cae-354a-b6e7-0f12b2cfc03d
|i c59149fb-c494-32ea-af06-b2ee0b4ca608
|t 0
|
| 952 |
f |
f |
|p normal
|a Texas A&M University
|b College Station
|c Sterling C. Evans Library
|d Evans: Library Stacks
|t 0
|e F1413 .R33 2003
|h Library of Congress classification
|i unmediated -- volume
|m A14830081562
|
| 998 |
f |
f |
|a F1413 .R33 2003
|t 0
|l Evans: Library Stacks
|